<?xml version="1.0" encoding="UTF-8"?>
<record
    xmlns:xsi="http://www.w3.org/2001/XMLSchema-instance"
    xsi:schemaLocation="http://www.loc.gov/MARC21/slim http://www.loc.gov/standards/marcxml/schema/MARC21slim.xsd"
    xmlns="http://www.loc.gov/MARC21/slim">

  <leader>01953cam a2200277 i 4500</leader>
  <controlfield tag="001">a41938047</controlfield>
  <controlfield tag="003">SIRSI</controlfield>
  <controlfield tag="005">20251020143805.0</controlfield>
  <controlfield tag="008">230721t20232023fr     e      000 f fre d</controlfield>
  <datafield tag="020" ind1=" " ind2=" ">
    <subfield code="a">9782226485618</subfield>
  </datafield>
  <datafield tag="035" ind1=" " ind2=" ">
    <subfield code="a">(OCoLC)1391697313</subfield>
  </datafield>
  <datafield tag="037" ind1=" " ind2=" ">
    <subfield code="a">204015114</subfield>
    <subfield code="b">Groupe Archambault</subfield>
  </datafield>
  <datafield tag="040" ind1=" " ind2=" ">
    <subfield code="a">TOH</subfield>
    <subfield code="b">eng</subfield>
    <subfield code="e">rda</subfield>
    <subfield code="c">TOH</subfield>
    <subfield code="d">AUXAM</subfield>
    <subfield code="d">IND</subfield>
    <subfield code="d">ZCU</subfield>
    <subfield code="d">IAY</subfield>
    <subfield code="d">TOH</subfield>
    <subfield code="d">OCLCO</subfield>
    <subfield code="d">EEM</subfield>
    <subfield code="d">PAU</subfield>
    <subfield code="d">UtOrBLW</subfield>
  </datafield>
  <datafield tag="041" ind1=" " ind2=" ">
    <subfield code="a">fre</subfield>
  </datafield>
  <datafield tag="050" ind1=" " ind2="4">
    <subfield code="a">PQ2674.O778</subfield>
    <subfield code="b">P79 2023</subfield>
  </datafield>
  <datafield tag="100" ind1=" " ind2=" ">
    <subfield code="a">Nothomb, Amelie</subfield>
    <subfield code="e">author</subfield>
    <subfield code="9">14217</subfield>
  </datafield>
  <datafield tag="245" ind1="1" ind2="0">
    <subfield code="a">Psychopompe</subfield>
    <subfield code="c">/ Am&#xE9;lie Nothomb.</subfield>
  </datafield>
  <datafield tag="260" ind1=" " ind2=" ">
    <subfield code="a">Paris :</subfield>
    <subfield code="b">Albin Michel,</subfield>
    <subfield code="c">2023.</subfield>
  </datafield>
  <datafield tag="300" ind1=" " ind2=" ">
    <subfield code="a">156 pages, 1 unnumbered page ;</subfield>
    <subfield code="c">20 cm.</subfield>
  </datafield>
  <datafield tag="520" ind1=" " ind2=" ">
    <subfield code="a">Dans Psychopompe, Am&#xE9;lie Nothomb se livre comme jamais auparavant. &#xC0; travers une &#xE9;criture &#xE0; la fois po&#xE9;tique et introspective, elle &#xE9;voque son lien intime avec la mort, la m&#xE9;moire et la cr&#xE9;ation. Ce r&#xE9;cit autobiographique retrace son parcours d&#x2019;&#xE9;crivaine, depuis son enfance jusqu&#x2019;&#xE0; sa maturit&#xE9;, en explorant la mani&#xE8;re dont l&#x2019;&#xE9;criture est devenue pour elle un guide &#x2014; un &#xAB; psychopompe &#xBB; &#x2014; entre le monde des vivants et celui des disparus. Entre confession et c&#xE9;l&#xE9;bration, Nothomb signe ici un texte lumineux sur le pouvoir salvateur de la litt&#xE9;rature et sur la beaut&#xE9; fragile de l&#x2019;existence.</subfield>
  </datafield>
  <datafield tag="520" ind1=" " ind2=" ">
    <subfield code="a">In Psychopompe, Am&#xE9;lie Nothomb opens up more deeply than ever before. With poetic and introspective prose, she reflects on her intimate connection to death, memory, and the act of creation. This autobiographical story traces her journey as a writer&#x2014;from childhood to maturity&#x2014;revealing how writing became her guide, her &#x201C;psychopomp,&#x201D; between the world of the living and the dead. Both confession and celebration, this luminous work is a meditation on the saving power of literature and the fragile beauty of life itself.</subfield>
  </datafield>
  <datafield tag="546" ind1=" " ind2=" ">
    <subfield code="a">In French.</subfield>
  </datafield>
  <datafield tag="655" ind1=" " ind2="0">
    <subfield code="a">Mythological fiction</subfield>
    <subfield code="9">26204</subfield>
  </datafield>
  <datafield tag="655" ind1=" " ind2="0">
    <subfield code="a">Autobiographical fiction</subfield>
    <subfield code="9">23158</subfield>
  </datafield>
  <datafield tag="942" ind1=" " ind2=" ">
    <subfield code="2">lcc</subfield>
  </datafield>
  <datafield tag="952" ind1=" " ind2=" ">
    <subfield code="0">0</subfield>
    <subfield code="1">0</subfield>
    <subfield code="2">lcc</subfield>
    <subfield code="4">0</subfield>
    <subfield code="7">0</subfield>
    <subfield code="a">TBS</subfield>
    <subfield code="b">TBS</subfield>
    <subfield code="d">2025-10-20</subfield>
    <subfield code="l">2</subfield>
    <subfield code="o">P-FR NOT</subfield>
    <subfield code="p">B07714</subfield>
    <subfield code="r">2026-04-28</subfield>
    <subfield code="s">2026-04-10</subfield>
    <subfield code="t">1</subfield>
    <subfield code="w">2025-10-20</subfield>
    <subfield code="y">1</subfield>
  </datafield>
  <datafield tag="999" ind1=" " ind2=" ">
    <subfield code="c">5062</subfield>
    <subfield code="d">5062</subfield>
  </datafield>
</record>
